| 000 | 00610nam a2200205 4500 | ||
|---|---|---|---|
| 003 | OSt | ||
| 005 | 20240726054520.0 | ||
| 006 | a | ||
| 008 | 240726b |||||||| |||| 00| 0 eng d | ||
| 020 | _a9789710445462 | ||
| 040 |
_aDWCL-Main lib. _cOC |
||
| 082 | _aFil. 890.08 D681p 2009 | ||
| 100 | _aDones, Marichelle G. | ||
| 245 | _aPhilippine literature : a student guide / | ||
| 260 |
_aManila : _bMindshapers Co. , Inc. , _cc2009. |
||
| 300 |
_av, _b337 p. ; _c26 cm. |
||
| 504 | _aIncludes bibliographical references. | ||
| 650 | _a1. Philippine literature-Collections. | ||
| 942 |
_2ddc _n0 _cBK - FIL _kFil. |
||
| 999 |
_c2803 _d2803 |
||